From class struggle to the politics of pleasure : the effects of gramscianism on cultural studies
Αποθηκεύτηκε σε:
| Κύριος συγγραφέας: | |
|---|---|
| Μορφή: | Βιβλίο |
| Γλώσσα: | English |
| Δημοσίευση: |
London :
Routledge,
c1992
|
| Θέματα: | |
| Ετικέτες: |
Προσθήκη ετικέτας
Δεν υπάρχουν, Καταχωρήστε ετικέτα πρώτοι!
|
MARC
| LEADER | 00000nam a2200000 i 4500 | ||
|---|---|---|---|
| 001 | 1/90519 | ||
| 008 | 990927s1992 eng d | ||
| 020 | |a 0-415-06224-1 | ||
| 035 | |l 10053142 | ||
| 040 | |a GR-MY-UA |b gre |e aacr | ||
| 041 | 0 | |a eng | |
| 082 | 0 | |a 306 | |
| 100 | 1 | |a Harris, David |d 1947- | |
| 245 | 1 | 0 | |a From class struggle to the politics of pleasure : |b the effects of gramscianism on cultural studies / |c David Harris |
| 260 | |a London : |b Routledge, |c c1992 | ||
| 300 | |a 222 p. | ||
| 504 | |a Includes bibliographical references and index | ||
| 600 | 1 | 0 | |a Gramsci Antonio |d 1891-1937. |
| 650 | 0 | 0 | |a Culture. |
| 650 | 0 | 0 | |a Popular culture |x Political aspects. |
| 650 | 0 | 0 | |a Leisure |x Political aspects. |
| 852 | |a INST |b LESVOS |e 19990927 |h 306 HAR |p 005100019087 |q 005100019087 |t BK |y 0 | ||
| 901 | |a BIBL1-1999-3 | ||
| 909 | |a Λ |b 066416 | ||
| 922 | |a 1ΕΛΗ |b 199906 |c ΚΠΣ/ΤΚ |d ΠΑΠΑΣΩΤΗΡΙΟΥ | ||
| 950 | |a 103-1998-07-27 | ||
| 970 | |a ΤΖΑΦΕΡΗ |b ΕΥΑΓΓΕΛΙΑ |z 1999/10/14 | ||